| 000 | 00532nam a2200193Ia 4500 | ||
|---|---|---|---|
| 003 | OSt | ||
| 005 | 20251004100019.0 | ||
| 008 | 210210b1982 xxu||||| |||| 00| 0 eng d | ||
| 040 | _cAL | ||
| 041 | _aKannada | ||
| 082 | _aK894.1 KRAS | ||
| 100 |
_aSI PI KE. _dಸಿ ಪಿ ಕೆ _9241480 |
||
| 245 |
_aShrikrashnamrata sara. _bಶ್ರೀಕೃಷ್ಣಾಮೃತ ಸಾರ |
||
| 260 |
_aMaisuru _bChitrabhanu Prakashana _c1982 |
||
| 300 | _a28 | ||
| 690 |
_aKannada Poetry _9241481 |
||
| 906 | _aSG03241 | ||
| 942 |
_2ddc _cSG |
||
| 999 |
_c114021 _d114021 |
||